Qualitative Properties of Profit-Making k-out of -n Systems Subject to two Kinds of Failures
Na minha lista:
| Autor principal: | |
|---|---|
| Outros Autores: | |
| Formato: | Livro |
| Idioma: | inglês |
| Publicado em: |
New Haven
Yale University
1989
|
| Edição: | 1. ed. |
| Colecção: | Center Paper
No. 416 |
| Tags: |
Sem tags, seja o primeiro a adicionar uma tag!
|
MARC
| LEADER | 00000nam a2200000 4500 | ||
|---|---|---|---|
| 001 | c030942 | ||
| 005 | 20221215114344.5 | ||
| 041 | 0 | |a eng | |
| 044 | |a US | ||
| 245 | 1 | 0 | |a Qualitative Properties of Profit-Making k-out of -n Systems Subject to two Kinds of Failures |c Raaj Kumar Sah, Joseph E. Stiglitz |
| 250 | |a 1. ed. | ||
| 264 | 1 | |a New Haven |b Yale University |c 1989 | |
| 300 | |a S. 515-520 | ||
| 490 | 1 | |a Center Paper |v No. 416 | |
| 830 | 0 | |a Center Paper |v No. 416 | |
| 100 | 1 | |a Sah, Raaj Kumar | |
| 700 | 1 | |a Stiglitz, Joseph E. | |